Soil fertility
Soils are one of the world's most important resources, and their protection, maintenance, and improvement is critical to the continuance of life on earth. Soil Fertility, Second Edition, offers thorough coverage of the fertility, composition, properties, and management of soils. This book carri...
Na minha lista:
| Autor principal: | |
|---|---|
| Formato: | Livro |
| Idioma: | Undetermined |
| Publicado em: |
New York
Lewis Publishers
1997
|
| Assuntos: | |
| Tags: |
Adicionar Tag
Sem tags, seja o primeiro a adicionar uma tag!
|
| Thư viện lưu trữ: | Trung tâm Học liệu Trường Đại học Cần Thơ |
|---|
| LEADER | 01647nam a2200217Ia 4500 | ||
|---|---|---|---|
| 001 | CTU_138587 | ||
| 008 | 210402s9999 xx 000 0 und d | ||
| 082 | |a 631.42 | ||
| 082 | |b F759 | ||
| 100 | |a Foth, Henry D. | ||
| 245 | 0 | |a Soil fertility | |
| 245 | 0 | |c Henry D. Foth, Boyd G. Ellis | |
| 260 | |a New York | ||
| 260 | |b Lewis Publishers | ||
| 260 | |c 1997 | ||
| 520 | |a Soils are one of the world's most important resources, and their protection, maintenance, and improvement is critical to the continuance of life on earth. Soil Fertility, Second Edition, offers thorough coverage of the fertility, composition, properties, and management of soils. This book carries on the tradition of excellence established by authors Henry Foth and Boyd Ellis, leading soil scientists whose previous books in this field have become multi-edition classics.The Second Edition of Soil Fertility has been significantly expanded to include more information on mineralogy, while keeping the thorough coverage of essential topics. The book presents soils as dynamic, constantly changing bodies, and relates soil fertility and management to the mineralogy of their origin. Four new chapters offer updated information on soil charge properties, ion adsorption, exchange and fixation, and soil reaction. There is also a far greater emphasis on environmental issues, reflecting the increasing importance of environmental concerns to agronomists and soil scientists today | ||
| 526 | |a Phì nhiêu đất B | ||
| 526 | |b NN529 | ||
| 650 | |a Soil science,Khoa học đất | ||
| 904 | |i Tuyến | ||
| 980 | |a Trung tâm Học liệu Trường Đại học Cần Thơ | ||